000 00333nam a2200157Ia 4500
100 _aBuyya/Rajkumar
650 _aCloud computing
942 _cBK
366 _f20
654 _acloud computing
245 _aMastering Cloud computing
260 _bMcGraw Hill
_c2013
082 _a5.65
_bBUY
546 _aENGLISH
999 _c28677
_d28677